LIBRARY & INFORMATION CENTRE, KCAET, TAVANUR

ONLINE PUBLIC ACCESS CATALOGUE (OPAC)

Problems in electrical engineering with solutions / (Record no. 3116)

MARC details
000 -LEADER
fixed length control field 00466cam a2200193ua 4500
041 ## - LANGUAGE CODE
Language code of text/sound track or separate title eng
082 ## - DEWEY DECIMAL CLASSIFICATION NUMBER
Classification number 621.3
Item number KUK/PR
100 ## - MAIN ENTRY--AUTHOR NAME
Personal name Kukde, S P .
245 ## - TITLE STATEMENT
Title Problems in electrical engineering with solutions /
260 ## - PUBLICATION, DISTRIBUTION, ETC. (IMPRINT)
Place of publication :
Name of publisher Royal Book Stall.
300 ## - PHYSICAL DESCRIPTION
Number of Pages 489 ; .
942 ## - ADDED ENTRY ELEMENTS (KOHA)
Koha item type Books
Holdings
Withdrawn status Lost status Damaged status Home library Current library Date acquired Full call number Accession Number Koha item type
      KAUAET KAUAET 07/04/2012 621.3 3047 Books
Withdrawn     KAUAET KAUAET 07/04/2012 621.3 3046 Books
      KAUAET KAUAET 07/04/2012 621.3 3045 Books
free website counter